Determinants of the non-life insurance demand
Prehľad literatúry a výskumov dopytu po neživotnom poistení. Identifikácia významných determinantov individuálneho záujmu o majetkové neživotné poistenie v podmienkach Slovenskej republiky.
Enregistré dans:
| Auteur principal: | |
|---|---|
| Format: | Chapitre de livre |
| Langue: | slovaque |
| Sujets: | |
| Tags: |
Pas de tags, Soyez le premier à ajouter un tag!
|
MARC
| LEADER | 00000nla a2200000 4500 | ||
|---|---|---|---|
| 001 | 0239099 | ||
| 005 | 20240502073854.4 | ||
| 041 | 0 | |a slo | |
| 044 | |a SK | ||
| 245 | 1 | 0 | |a Determinants of the non-life insurance demand |c Tomáš Ondruška |
| 520 | |a Prehľad literatúry a výskumov dopytu po neživotnom poistení. Identifikácia významných determinantov individuálneho záujmu o majetkové neživotné poistenie v podmienkach Slovenskej republiky. | ||
| 610 | 2 | 0 | |a poistenie neživotné |
| 610 | 2 | 0 | |a dopyt spotrebiteľský |
| 610 | 2 | 0 | |a prieskum dopytu |
| 610 | 2 | 0 | |a segmentácia |
| 100 | 1 | |a Ondruška, Tomáš, 1988- | |